Villes d'Aveyron en images - Statistiques

Statistiques générales
  • Ce quiz a été pris 182 fois
  • Le résultat moyen est 8 sur 18
Statistiques - réponses
Par images Hint Réponse % Correct
R Rodez
99%
M Millau
98%
V Villefranche-de-Rouergue
72%
D Decazeville
66%
B Belcastel
53%
E Espalion
52%
E Estaing
51%
(La) C La Couvertoirade
49%
L Laguiole
45%
S Saint-Affrique
45%
S Salles-la-Source
37%
N Naucelle
27%
(La) C La Cavalerie
24%
P (ou C) Peyre (Comprégnac)
19%
R Roquefort-sur-Soulzon
18%
C Capdenac-Gare
17%
C Cransac
16%
B Brousse-le-Château
14%
Aucun quiz correspondant
Distribution des résultats
% des personnes avec chaque résultat
Percentile par nombre de réponses
Votre historique - résultats
Vous n’avez pas pris ce quiz